[Event "Belem zt"]
[Site "Belem"]
[Date "2017.08.20"]
[Round "5"]
[White "Santiago, Bruno Majorico Frei"]
[Black "De Araujo, Jaylson Javier Silv"]
[Result "1/2-1/2"]
[WhiteElo "2130"]
[BlackElo "2056"]
[PlyCount "87"]
[EventDate "2017.08.18"]
[EventType "swiss"]
[EventRounds "6"]
[EventCountry "BRA"]
[SourceTitle "CBM 180 Extra"]
[Source "ChessBase"]
[SourceDate "2017.10.06"]
[SourceVersion "1"]
[SourceVersionDate "2017.10.06"]
[SourceQuality "1"]

1. d4 Nf6 2. c4 e6 3. Nf3 b6 4. g3 Bb7 5. Bg2 d6 6. 0-0 Be7 7. b3 Nbd7 8. Bb2 0-0 9. Nc3 Ne4 10. Rc1 Nxc3 11. Rxc3 Bf6 12. Qb1 c5 13. e3 Qc7 14. Rd1 Rad8 15. Rcc1 Rfe8 16. Rd2 e5 17. dxc5 dxc5 18. Rcd1 e4 19. Bh3 Bc6 20. Bxd7 Rxd7 21. Ne1 Bxb2 22. Qxb2 Red8 23. Ng2 Rxd2 24. Rxd2 Rxd2 25. Qxd2 Qd7 26. Qxd7 Bxd7 27. Nf4 Kf8 28. Nd5 Bc6 29. Nc3 Ke7 30. Kg2 Ke6 31. g4 Ke5 32. Kg3 g5 33. Kg2 h6 34. Kg3 f5 35. gxf5 Kxf5 36. h4 h5 37. a4 a5 38. Ne2 Bd7 39. Nc3 Bc6 40. Kh3 Kf6 41. Ne2 Bd7+ 42. Kg3 Kg6 43. Nc3 gxh4+ 44. Kxh4 1/2-1/2

[Event "Belem op 2nd"]
[Site "Belem"]
[Date "2017.07.09"]
[Round "5"]
[White "De Araujo, Jaylson Javier Silv"]
[Black "Delgado Ramirez, Neuris"]
[Result "0-1"]
[WhiteElo "2057"]
[BlackElo "2624"]
[PlyCount "78"]
[EventDate "2017.07.07"]
[EventType "swiss"]
[EventRounds "6"]
[EventCountry "BRA"]
[SourceTitle "EXT 2018"]
[Source "ChessBase"]
[SourceDate "2017.10.13"]
[SourceVersion "1"]
[SourceVersionDate "2017.10.13"]
[SourceQuality "1"]

1. e4 c5 2. Nf3 d6 3. d4 cxd4 4. Nxd4 Nf6 5. Nc3 a6 6. Be2 e5 7. Nb3 Be7 8. 0-0 b6 9. f4 Nbd7 10. Bf3 Bb7 11. Be3 Rc8 12. Qe1 0-0 13. Rd1 b5 14. a3 Re8 15. Qg3 Bf8 16. fxe5 Nxe5 17. Nd4 Nxf3+ 18. gxf3 Rc5 19. Rfe1 Qc8 20. Nde2 Rh5 21. Nf4 Rh6 22. Rd2 Nh5 23. Qh3 Qxh3 24. Nxh3 Rg6+ 25. Kf2 Be7 26. Rg1 Rxg1 27. Kxg1 f5 28. Nf4 Nf6 29. Nfd5 Nxd5 30. Nxd5 Bf8 31. Nc3 fxe4 32. fxe4 Bxe4 33. Bf4 Bc6 34. Bxd6 Rd8 35. Bf4 Bc5+ 36. Rf2 Rf8 37. Bg3 Bxf2+ 38. Bxf2 Bf3 39. Kf1 g5 0-1

[Event "Belem FEXPA U2200 op 1st"]
[Site "Belem"]
[Date "2017.05.19"]
[Round "2"]
[White "Amorim, Genaro Jose Melo De"]
[Black "De Araujo, Jaylson Javier Silv"]
[Result "0-1"]
[WhiteElo "1825"]
[BlackElo "2065"]
[PlyCount "82"]
[EventDate "2017.05.19"]
[EventType "swiss"]
[EventRounds "6"]
[EventCountry "BRA"]
[SourceTitle "EXT 2018"]
[Source "ChessBase"]
[SourceDate "2017.10.13"]
[SourceVersion "1"]
[SourceVersionDate "2017.10.13"]
[SourceQuality "1"]

1. d4 Nf6 2. c4 e6 3. Nf3 d5 4. Nc3 Be7 5. Bg5 Nbd7 6. e3 c6 7. Be2 dxc4 8. Bxc4 b5 9. Bd3 Bb7 10. 0-0 a6 11. a3 0-0 12. b4 a5 13. Qb3 h6 14. Bh4 g5 15. Bg3 Nh5 16. Ne4 Nxg3 17. fxg3 Nf6 18. Nc5 Bxc5 19. bxc5 Nd5 20. Bc2 b4 21. g4 Ba6 22. Ne5 a4 23. Qb1 Bxf1 24. Bg6 Qf6 25. Bh7+ Kh8 26. Nd7 Qg7 27. Nxf8 Rxf8 28. Qxf1 Kxh7 29. axb4 Kg8 30. Rxa4 Nxe3 31. Qd3 Nd5 32. b5 Nf4 33. Qe4 cxb5 34. Rb4 Rd8 35. Kh1 Nd5 36. Rb3 Qf6 37. Kg1 b4 38. h3 Nc3 39. Qe3 Qxd4 40. Qxd4 Rxd4 41. c6 Nd5 0-1

[Event "Belem FEXPA U2200 op 1st"]
[Site "Belem"]
[Date "2017.05.19"]
[Round "1"]
[White "De Araujo, Jaylson Javier Silv"]
[Black "Assis da Costa, Waldiney"]
[Result "1-0"]
[WhiteElo "2065"]
[BlackElo "1665"]
[PlyCount "68"]
[EventDate "2017.05.19"]
[EventType "swiss"]
[EventRounds "6"]
[EventCountry "BRA"]
[SourceTitle "EXT 2018"]
[Source "ChessBase"]
[SourceDate "2017.10.13"]
[SourceVersion "1"]
[SourceVersionDate "2017.10.13"]
[SourceQuality "1"]

1. d4 Nf6 2. c4 e6 3. Nc3 d5 4. Bg5 Be7 5. Nf3 h6 6. Bh4 c6 7. e3 b6 8. Bd3 Bb7 9. cxd5 cxd5 10. 0-0 0-0 11. Rc1 Nc6 12. Bb1 Nh5 13. Bxe7 Qxe7 14. Ne5 Nf6 15. Nxd5 Nxd5 16. Nxc6 Qg5 17. f4 Qh4 18. Qd3 f5 19. Ne5 Rfc8 20. a3 Nf6 21. Ba2 Nd5 22. Qe2 Kh7 23. Bc4 g5 24. Ba6 Rcb8 25. Bxb7 Rxb7 26. g3 Qh3 27. e4 Nf6 28. exf5 Qxf5 29. fxg5 Qxg5 30. Qf3 Nd5 31. Qe4+ Kg7 32. Rce1 Re7 33. Rf3 Rf8 34. h4 Qh5 1-0

[Event "Belem Velha op 3rd"]
[Site "Belem"]
[Date "2015.05.02"]
[Round "5"]
[White "Cohen Farias, Paulo"]
[Black "De Araujo, Jaylson Javier Silv"]
[Result "1-0"]
[WhiteElo "2242"]
[BlackElo "2073"]
[PlyCount "75"]
[EventDate "2015.04.30"]
[EventType "swiss"]
[EventRounds "7"]
[EventCountry "BRA"]
[SourceTitle "CBM 166 Extra"]
[Source "ChessBase"]
[SourceDate "2015.06.18"]
[SourceVersion "1"]
[SourceVersionDate "2015.06.18"]
[SourceQuality "1"]

1. e4 c5 2. Nc3 d6 3. Bc4 Nf6 4. f4 e6 5. Nf3 Be7 6. 0-0 0-0 7. d3 Nc6 8. a4 d5 9. Bb5 Nb4 10. e5 Nd7 11. Bxd7 Bxd7 12. Ne2 a5 13. c3 Na6 14. Ng3 Nc7 15. Nd2 f5 16. exf6 Bxf6 17. Nf3 b5 18. axb5 Nxb5 19. Nh5 Nd6 20. Qe2 c4 21. dxc4 Nxc4 22. Nxf6+ Qxf6 23. Re1 a4 24. Nd4 Rae8 25. Qf3 Rf7 26. b3 axb3 27. Nxb3 Bc6 28. Nd4 e5 29. Ra6 Rc8 30. Rxc6 Rxc6 31. Qxd5 Rc8 32. Nf3 Qc6 33. Qxc6 Rxc6 34. fxe5 Re7 35. Rd1 Re8 36. Rd3 h6 37. g3 Na5 38. Bd2 1-0

[Event "Belem Velha op 3rd"]
[Site "Belem"]
[Date "2015.05.02"]
[Round "4"]
[White "De Araujo, Jaylson Javier Silv"]
[Black "Juliani, Sidney"]
[Result "1-0"]
[WhiteElo "2073"]
[BlackElo "1849"]
[PlyCount "54"]
[EventDate "2015.04.30"]
[EventType "swiss"]
[EventRounds "7"]
[EventCountry "BRA"]
[SourceTitle "CBM 166 Extra"]
[Source "ChessBase"]
[SourceDate "2015.06.18"]
[SourceVersion "1"]
[SourceVersionDate "2015.06.18"]
[SourceQuality "1"]

1. d4 Nf6 2. Nf3 g6 3. g3 Bg7 4. Bg2 0-0 5. 0-0 d6 6. c4 Nbd7 7. Nc3 c6 8. e4 e5 9. h3 Qb6 10. d5 cxd5 11. cxd5 Nc5 12. Nd2 Bd7 13. Kh2 Nh5 14. Bf3 Nf6 15. g4 Nd3 16. Nc4 Qd4 17. Nxd6 Nxc1 18. Qxc1 Qb4 19. Nf5 gxf5 20. gxf5 h6 21. Rg1 Kh7 22. Rg2 Ne8 23. Qd2 Bf6 24. Rag1 Qe7 25. d6 Qxd6 26. Nd5 Rd8 27. Rd1 Ng7 1-0

[Event "Belem Velha op 2nd"]
[Site "Belem"]
[Date "2015.02.18"]
[Round "9"]
[White "De Araujo, Jaylson Javier Silv"]
[Black "Reis, Alan de Albuquerque"]
[Result "1-0"]
[WhiteElo "2071"]
[BlackElo "2074"]
[PlyCount "106"]
[EventDate "2015.02.13"]
[EventType "swiss"]
[EventRounds "9"]
[EventCountry "BRA"]
[SourceTitle "CBM 164 Extra"]
[Source "ChessBase"]
[SourceDate "2015.03.02"]
[SourceVersion "1"]
[SourceVersionDate "2015.03.02"]
[SourceQuality "1"]

1. c4 e6 2. Nf3 d5 3. d4 Nf6 4. g3 Be7 5. Bg2 0-0 6. 0-0 c5 7. dxc5 Bxc5 8. Qc2 Qb6 9. e3 dxc4 10. Nc3 Bd7 11. Ne5 Qc7 12. Nxd7 Nbxd7 13. Nb5 Qb6 14. Qxc4 Rac8 15. Qe2 Rfd8 16. Nc3 Bb4 17. Bd2 Ne5 18. Rfd1 Nc4 19. Be1 Rxd1 20. Rxd1 h6 21. Rd4 Qa6 22. Bxb7 Qxb7 23. Rxc4 Rd8 24. a3 Ba5 25. b4 Bc7 26. e4 Be5 27. f3 Qa6 28. a4 Bd4+ 29. Kg2 Bxc3 30. b5 Bxe1 31. bxa6 Rd2 32. Kf1 Rxe2 33. Kxe2 Ba5 34. Rc8+ Kh7 35. Rb8 Bc3 36. Kd3 Be1 37. Rb7 Bf2 38. Rxf7 e5 39. Re7 Kg6 40. Kc4 Ng8 41. Rxe5 Kf6 42. Re8 Ne7 43. Kb5 Ke6 44. f4 Kd7 45. Rf8 Bd4 46. Kc4 Bg1 47. h3 Ke6 48. f5+ Ke5 49. Re8 Kf6 50. Rf8+ Ke5 51. Rf7 Nc8 52. Rxg7 Kxe4 53. f6 Bd4 1-0

[Event "Belem Velha op 2nd"]
[Site "Belem"]
[Date "2015.02.15"]
[Round "4"]
[White "Moraes, Nelson da Silva"]
[Black "De Araujo, Jaylson Javier Silv"]
[Result "1-0"]
[WhiteElo "2227"]
[BlackElo "2071"]
[PlyCount "85"]
[EventDate "2015.02.13"]
[EventType "swiss"]
[EventRounds "9"]
[EventCountry "BRA"]
[SourceTitle "CBM 164 Extra"]
[Source "ChessBase"]
[SourceDate "2015.03.02"]
[SourceVersion "1"]
[SourceVersionDate "2015.03.02"]
[SourceQuality "1"]

1. d4 d5 2. c4 Nf6 3. g3 dxc4 4. Bg2 g6 5. Nf3 Bg7 6. 0-0 0-0 7. Ne5 Nbd7 8. Nxc4 c6 9. Nc3 Nb6 10. Ne5 Nfd5 11. Nf3 Bg4 12. h3 Bxf3 13. Bxf3 Nxc3 14. bxc3 e5 15. e3 Qe7 16. Qb3 Rfe8 17. a4 Qe6 18. Qxe6 Rxe6 19. a5 Nd5 20. c4 Nc7 21. d5 Ree8 22. e4 cxd5 23. cxd5 Nxd5 24. exd5 e4 25. Rb1 exf3 26. Rxb7 Bd4 27. Rd1 Bc5 28. Rc7 Rac8 29. Rxc8 Rxc8 30. Be3 Bxe3 31. fxe3 Rd8 32. Kf2 f5 33. Kxf3 Kf7 34. e4 fxe4+ 35. Kxe4 Kf6 36. Rc1 Rd7 37. Rc6+ Kf7 38. Ke5 Ke7 39. a6 Kf7 40. d6 Ke8 41. Ke6 Kd8 42. Rc3 Rg7 43. Rb3 1-0

[Event "Belem Velha op 1st"]
[Site "Belem"]
[Date "2014.11.23"]
[Round "6"]
[White "De Araujo, Jaylson Javier Silv"]
[Black "Cohen Farias, Paulo"]
[Result "0-1"]
[WhiteElo "2051"]
[BlackElo "2205"]
[PlyCount "63"]
[EventDate "2014.11.20"]
[EventType "swiss"]
[EventRounds "6"]
[EventCountry "BRA"]
[SourceTitle "CBM 163 Extra"]
[Source "ChessBase"]
[SourceDate "2014.12.23"]
[SourceVersion "1"]
[SourceVersionDate "2014.12.23"]
[SourceQuality "1"]

1. d4 d5 2. Nf3 Nf6 3. e3 c6 4. Be2 Bf5 5. c4 e6 6. 0-0 Bd6 7. Nc3 h6 8. c5 Bc7 9. b4 Nbd7 10. Bb2 e5 11. dxe5 Nxe5 12. Nd4 Bd7 13. a4 0-0 14. Qc2 Qe7 15. Nf5 Qe6 16. Ng3 Neg4 17. Rad1 h5 18. e4 dxe4 19. Ncxe4 Nxe4 20. Bc4 Qe7 21. Rfe1 Bxg3 22. hxg3 Ngxf2 23. Rd6 Be6 24. Rxe4 Nxe4 25. Qxe4 Rae8 26. Rxe6 fxe6 27. Bd3 Rf5 28. g4 hxg4 29. Qxg4 Qf7 30. Qh4 Rf8 31. Be4 Rh5 32. Qg3 0-1

[Event "Belem Velha op 1st"]
[Site "Belem"]
[Date "2014.11.20"]
[Round "1"]
[White "De Araujo, Jaylson Javier Silv"]
[Black "Albuquerque, Antonio Lazaro"]
[Result "1-0"]
[WhiteElo "2051"]
[BlackElo "1899"]
[PlyCount "73"]
[EventDate "2014.11.20"]
[EventType "swiss"]
[EventRounds "6"]
[EventCountry "BRA"]
[SourceTitle "CBM 163 Extra"]
[Source "ChessBase"]
[SourceDate "2014.12.23"]
[SourceVersion "1"]
[SourceVersionDate "2014.12.23"]
[SourceQuality "1"]

1. d4 d5 2. Nf3 Nf6 3. c4 c6 4. Nc3 e6 5. Bg5 Bb4 6. e3 Nbd7 7. Bd3 Qa5 8. Qc2 Ne4 9. Bxe4 dxe4 10. Ne5 Nxe5 11. dxe5 Qxe5 12. Bf4 Qf5 13. 0-0 Bxc3 14. Qxc3 0-0 15. Rfd1 f6 16. Bd6 Re8 17. c5 e5 18. Qb3+ Qe6 19. Qb4 Qf7 20. Qxe4 Be6 21. a4 Bd5 22. Qf5 g6 23. Qg4 f5 24. Qg3 Qf6 25. a5 Rad8 26. a6 b5 27. f4 exf4 28. exf4 Rxd6 29. cxd6 Re2 30. d7 Qd8 31. Rxd5 cxd5 32. Qd3 Re7 33. Qxd5+ Kg7 34. Rd1 Qb6+ 35. Qd4+ Kh6 36. Qxb6 Rxd7 37. Rxd7 1-0

[Event "Castanhal op 3rd"]
[Site "Castanhal"]
[Date "2014.10.12"]
[Round "5"]
[White "Cohen Farias, Paulo"]
[Black "De Araujo, Jaylson Javier Silv"]
[Result "0-1"]
[WhiteElo "2189"]
[BlackElo "2002"]
[PlyCount "112"]
[EventDate "2014.10.10"]
[EventType "swiss"]
[EventRounds "6"]
[EventCountry "BRA"]
[SourceTitle "EXT 2018"]
[Source "ChessBase"]
[SourceDate "2017.10.13"]
[SourceVersion "1"]
[SourceVersionDate "2017.10.13"]
[SourceQuality "1"]

1. e4 c5 2. Nc3 e6 3. f4 Nc6 4. Nf3 a6 5. g3 d5 6. exd5 exd5 7. Bg2 Nf6 8. 0-0 Be7 9. h3 d4 10. Nb1 0-0 11. a4 Re8 12. Na3 Be6 13. b3 Bd6 14. Nc4 Bc7 15. Re1 Qd7 16. Kh2 Bd5 17. Ba3 b6 18. d3 Rxe1 19. Qxe1 Re8 20. Qf2 b5 21. axb5 axb5 22. Nce5 Nxe5 23. fxe5 Bxf3 24. Qxf3 Rxe5 25. Bc1 Re8 26. Bg5 h6 27. Bd2 Bd6 28. Ra6 Qc7 29. Ba5 Qe7 30. Bd2 g5 31. Ra1 Kg7 32. Rf1 b4 33. Re1 Qc7 34. Rxe8 Nxe8 35. h4 Qe7 36. hxg5 hxg5 37. Qf5 Qe5 38. Qg4 Nf6 39. Qxg5+ Qxg5 40. Bxg5 Nh5 41. Bh4 f5 42. Bf3 Nf6 43. Kh3 Kg6 44. g4 fxg4+ 45. Bxg4 Nd5 46. Kg2 Ne3+ 47. Kf3 Nxc2 48. Ke4 Ne3 49. Bd7 Kh5 50. Bf6 Ng4 51. Bd8 Nf2+ 52. Kd5 Bf8 53. Bf5 Nd1 54. Bd7 Nf2 55. Kc4 Nd1 56. Bb5 Ne3# 0-1

[Event "Castanhal op 3rd"]
[Site "Castanhal"]
[Date "2014.10.12"]
[Round "6"]
[White "Lopes Pereira, Eder"]
[Black "De Araujo, Jaylson Javier Silv"]
[Result "0-1"]
[WhiteElo "1668"]
[BlackElo "2002"]
[PlyCount "142"]
[EventDate "2014.10.10"]
[EventType "swiss"]
[EventRounds "6"]
[EventCountry "BRA"]
[SourceTitle "EXT 2018"]
[Source "ChessBase"]
[SourceDate "2017.10.13"]
[SourceVersion "1"]
[SourceVersionDate "2017.10.13"]
[SourceQuality "1"]

1. d4 Nf6 2. c4 e6 3. Nc3 Bb4 4. Qc2 b6 5. a3 Bxc3+ 6. Qxc3 Bb7 7. Bg5 h6 8. Bxf6 Qxf6 9. Nf3 d6 10. g3 Nd7 11. Bg2 c5 12. 0-0 0-0 13. Rac1 Rac8 14. Rfd1 Rfd8 15. d5 e5 16. e4 Nf8 17. Bh3 Rc7 18. Nh4 Ng6 19. Nf5 Ne7 20. Rd3 Nxf5 21. Bxf5 g6 22. Bh3 Qg5 23. Rf1 Bc8 24. Bxc8 Rdxc8 25. f4 exf4 26. Rxf4 Re8 27. Rdf3 Qe5 28. Qxe5 Rxe5 29. h4 Kg7 30. b3 g5 31. hxg5 hxg5 32. Rf5 Rxf5 33. Rxf5 Kg6 34. Kf2 f6 35. Rf3 Re7 36. Re3 g4 37. b4 Re5 38. b5 Rh5 39. Kg2 Re5 40. Kf2 Re7 41. a4 Re5 42. Kg2 f5 43. exf5+ Kxf5 44. Kf2 Re4 45. Rc3 Ke5 46. a5 Kd4 47. Rc1 Kd3 48. a6 Re2+ 49. Kf1 Kd2 50. Ra1 Re4 51. Ra2+ Kc3 52. Rf2 Kxc4 53. Rf7 Kxb5 54. Rxa7 Ra4 55. Rd7 Rxa6 56. Rxd6 Ra4 57. Rf6 Rd4 58. d6 c4 59. Ke2 Kc5 60. Rg6 Rxd6 61. Rxg4 b5 62. Rg8 c3 63. g4 Kc4 64. Rc8+ Kb3 65. Rc5 b4 66. g5 Kb2 67. Rc4 b3 68. Rg4 c2 69. g6 c1Q 70. g7 Qd1+ 71. Ke3 Qxg4 0-1

[Event "Castanhal op 3rd"]
[Site "Castanhal"]
[Date "2014.10.11"]
[Round "4"]
[White "De Araujo, Jaylson Javier Silv"]
[Black "Guimaraes, Marcelo Cunha"]
[Result "1/2-1/2"]
[WhiteElo "2002"]
[BlackElo "2209"]
[PlyCount "46"]
[EventDate "2014.10.10"]
[EventType "swiss"]
[EventRounds "6"]
[EventCountry "BRA"]
[SourceTitle "EXT 2018"]
[Source "ChessBase"]
[SourceDate "2017.10.13"]
[SourceVersion "1"]
[SourceVersionDate "2017.10.13"]
[SourceQuality "1"]

1. d4 Nf6 2. Nf3 g6 3. g3 Bg7 4. Bg2 0-0 5. c4 c5 6. e3 Nc6 7. Nc3 cxd4 8. exd4 d5 9. cxd5 Nxd5 10. 0-0 Nxc3 11. bxc3 Be6 12. Re1 Bd5 13. Qa4 Rc8 14. Ba3 Re8 15. Rad1 b6 16. Bc1 Na5 17. Ne5 Bxg2 18. Kxg2 Rxc3 19. Bd2 Rc8 20. Bxa5 bxa5 21. Kg1 Qd5 22. Rc1 Bxe5 23. dxe5 Rcd8 1/2-1/2

[Event "Castanhal op 3rd"]
[Site "Castanhal"]
[Date "2014.10.11"]
[Round "3"]
[White "De Araujo, Jaylson Javier Silv"]
[Black "Perdomo, Leandro Daniel"]
[Result "0-1"]
[WhiteElo "2002"]
[BlackElo "2422"]
[PlyCount "92"]
[EventDate "2014.10.10"]
[EventType "swiss"]
[EventRounds "6"]
[EventCountry "BRA"]
[SourceTitle "EXT 2018"]
[Source "ChessBase"]
[SourceDate "2017.10.13"]
[SourceVersion "1"]
[SourceVersionDate "2017.10.13"]
[SourceQuality "1"]

1. c4 g6 2. Nc3 Bg7 3. g3 Nf6 4. Bg2 0-0 5. d4 d6 6. Nf3 Nbd7 7. e4 e5 8. d5 Nc5 9. Qc2 a5 10. Be3 Ne8 11. Bxc5 dxc5 12. Nd2 f5 13. 0-0 f4 14. Qd3 Nd6 15. Nb5 Bd7 16. a4 g5 17. Ra3 Rf7 18. Rb3 b6 19. Qe2 g4 20. f3 h5 21. gxf4 Rxf4 22. fxg4 hxg4 23. h3 Nxb5 24. cxb5 Qh4 25. hxg4 Bxg4 26. Rxf4 exf4 27. Nf3 Bd4+ 28. Kf1 Bxf3 29. Rxf3 Qh2 30. Ke1 Re8 31. Rh3 Qg1+ 32. Bf1 Rxe4 33. Qxe4 Qf2+ 34. Kd1 Qxf1+ 35. Kc2 Qxh3 36. d6 cxd6 37. Qe8+ Kg7 38. Qe7+ Kg6 39. Qxd6+ Bf6 40. Qxb6 Qg2+ 41. Kd3 Qd5+ 42. Ke2 Qe4+ 43. Kf1 f3 44. Kf2 Qe2+ 45. Kg3 Qg2+ 46. Kf4 f2 0-1

[Event "Belem Paraense Cup"]
[Site "Belem"]
[Date "2014.08.24"]
[Round "6"]
[White "De Araujo, Jaylson Javier Silv"]
[Black "Leao, Flavio Sanchez"]
[Result "1/2-1/2"]
[WhiteElo "1950"]
[BlackElo "1880"]
[PlyCount "30"]
[EventDate "2014.08.22"]
[EventType "swiss"]
[EventRounds "6"]
[EventCountry "BRA"]
[SourceTitle "EXT 2015"]
[Source "ChessBase"]
[SourceDate "2014.11.20"]
[SourceVersion "1"]
[SourceVersionDate "2014.11.20"]
[SourceQuality "1"]

1. d4 Nf6 2. Nf3 e6 3. c4 d5 4. e3 Be7 5. Be2 dxc4 6. Bxc4 0-0 7. 0-0 b6 8. Nc3 Bb7 9. a3 c5 10. Be2 Nc6 11. dxc5 Bxc5 12. Qc2 Rc8 13. b4 Bd6 14. Rd1 Qe7 15. Bb2 Ne5 1/2-1/2

[Event "Belem Paraense Cup"]
[Site "Belem"]
[Date "2014.08.22"]
[Round "1"]
[White "Ferreira, Pedro Henrique Alve"]
[Black "De Araujo, Jaylson Javier Silv"]
[Result "0-1"]
[WhiteElo "1800"]
[BlackElo "1950"]
[PlyCount "76"]
[EventDate "2014.08.22"]
[EventType "swiss"]
[EventRounds "6"]
[EventCountry "BRA"]
[SourceTitle "EXT 2015"]
[Source "ChessBase"]
[SourceDate "2014.11.20"]
[SourceVersion "1"]
[SourceVersionDate "2014.11.20"]
[SourceQuality "1"]

1. e4 c6 2. d4 d5 3. Nc3 dxe4 4. Nxe4 Nd7 5. Nf3 Ngf6 6. Nxf6+ Nxf6 7. Bd3 Bg4 8. c3 e6 9. 0-0 Bd6 10. h3 Bh5 11. Be2 h6 12. Be3 0-0 13. Ne5 Bxe2 14. Qxe2 Nd5 15. Rfd1 Qe8 16. c4 Nc7 17. c5 Bxe5 18. dxe5 Nd5 19. Rac1 Qe7 20. g3 Rad8 21. Bd2 f5 22. exf6 Qxf6 23. Rc2 Qf5 24. Rc4 Qxh3 25. Rg4 Rde8 26. Rc1 Nf6 27. Ra4 a6 28. Rc3 Qf5 29. Rb3 Rf7 30. Be3 Rd8 31. a3 Qb1+ 32. Kg2 Rd1 33. f3 Re1 34. Qc4 Qd1 35. Bf2 Re2 36. Re3 Rxe3 37. Bxe3 Nd5 38. Bf4 Rxf4 0-1